[Event "Galicia-ch U18"]
[Site "Padron"]
[Date "2023.02.18"]
[Round "2"]
[White "Fernandez Lopez, Ruben"]
[Black "Rey Chimera, Luca"]
[Result "1-0"]
[WhiteElo "2305"]
[BlackElo "1841"]
[PlyCount "109"]
[EventDate "2023.02.18"]
[EventType "swiss"]
[EventRounds "8"]
[EventCountry "ESP"]
[SourceTitle "EXT 2024"]
[Source "ChessBase"]
[SourceDate "2023.10.10"]
[SourceVersion "1"]
[SourceVersionDate "2023.10.10"]
[SourceQuality "1"]

1. Nf3 Nf6 2. d4 e6 3. c4 d5 4. Nc3 c6 5. e3 Bd6 6. Qc2 Nbd7 7. Bd3 a6 8. 0-0 e5 9. cxd5 cxd5 10. e4 dxe4 11. Nxe4 Nxe4 12. Bxe4 h6 13. Re1 0-0 14. dxe5 Bb8 15. Bf4 Qe7 16. Bd5 Nc5 17. Bxh6 gxh6 18. Qg6+ Kh8 19. Qxh6+ Kg8 20. Qg6+ Kh8 21. Qh5+ Kg7 22. Nd4 Rh8 23. Nf5+ Bxf5 24. Qxf5 Bc7 25. Rac1 Rh6 26. Re3 Rd8 27. Bc4 b5 28. Bf1 Ne6 29. Rc6 Rg6 30. Rg3 Rxg3 31. hxg3 Rh8 32. Bd3 Rh6 33. Rxa6 Qb4 34. Qe4 Qxe4 35. Bxe4 Bxe5 36. Rb6 Nd4 37. Rb7 Rf6 38. Bd3 Kh6 39. f4 Bd6 40. a3 Bc5 41. b4 Ne2+ 42. Kh2 Kg7 43. Kh3 Nc1 44. Bxb5 Bd4 45. Bc4 Kg6 46. a4 Rc6 47. Bxf7+ Kf5 48. Rb5+ Kf6 49. Bd5 Rc3 50. Bf3 Nd3 51. Rd5 Nf2+ 52. Kh4 Rc4 53. b5 Kg6 54. g4 Rc1 55. Rxd4 1-0

[Event "Santiago de Compostela Bicapawn GP Rap"]
[Site "Santiago de Compostela"]
[Date "2022.10.22"]
[Round "8"]
[White "Fernandez Lopez, Ruben"]
[Black "Shchekachev, Andrei"]
[Result "0-1"]
[WhiteElo "2340"]
[BlackElo "2510"]
[PlyCount "94"]
[EventDate "2022.10.22"]
[EventType "swiss (rapid)"]
[EventRounds "9"]
[EventCountry "ESP"]
[SourceTitle "CBM 210 Extra"]
[Source "ChessBase"]
[SourceDate "2022.11.30"]
[SourceVersion "1"]
[SourceVersionDate "2022.11.30"]
[SourceQuality "1"]

1. e4 g6 2. d4 Bg7 3. Nc3 c6 4. Nf3 d5 5. h3 dxe4 6. Nxe4 Nf6 7. Nxf6+ exf6 8. Bd3 0-0 9. 0-0 Re8 10. Bf4 Nd7 11. Qd2 Nb6 12. Rfe1 Rxe1+ 13. Rxe1 Be6 14. b3 Nd5 15. Bh6 Qd6 16. c4 Bxh6 17. Qxh6 Qf4 18. Qxf4 Nxf4 19. Bf1 g5 20. Kh2 Rd8 21. b4 h6 22. a4 f5 23. b5 Ng6 24. d5 cxd5 25. Nd4 dxc4 26. Nxe6 fxe6 27. Bxc4 Kg7 28. Rxe6 Rd4 29. Bb3 Rd2 30. b6 a5 31. Kg1 Rb2 32. Bc4 Rb1+ 33. Kh2 Rb2 34. Rd6 Ne5 35. Bb5 Rxf2 36. Re6 Ng6 37. Rc6 Nh4 38. Rc7+ Kf6 39. Rxb7 Rxg2+ 40. Kh1 Rb2 41. Kg1 g4 42. hxg4 fxg4 43. Rb8 Nf3+ 44. Kf1 Kg5 45. b7 g3 46. Rg8+ Kh4 47. b8Q Rf2# 0-1

[Event "ESP-ch 87th"]
[Site "Linares"]
[Date "2022.08.16"]
[Round "7"]
[White "Fernandez Lopez, Ruben"]
[Black "Gomez Carreno, Martin"]
[Result "1-0"]
[WhiteElo "2324"]
[BlackElo "2155"]
[PlyCount "133"]
[EventDate "2022.08.11"]
[EventType "swiss"]
[EventRounds "9"]
[EventCountry "ESP"]
[SourceTitle "CBM 209 Extra"]
[Source "ChessBase"]
[SourceDate "2022.09.30"]
[SourceVersion "1"]
[SourceVersionDate "2022.09.30"]
[SourceQuality "1"]

1. e4 e5 2. Nf3 Nc6 3. Bb5 a6 4. Ba4 Nf6 5. 0-0 Bc5 6. c3 b5 7. Bb3 d6 8. a4 Bg4 9. h3 Bxf3 10. Qxf3 Na5 11. Bc2 b4 12. d3 Rb8 13. Qe2 0-0 14. Nd2 Qd7 15. Nf3 bxc3 16. bxc3 Ba7 17. d4 exd4 18. cxd4 Nc6 19. Be3 Nb4 20. Bb1 d5 21. e5 Ne4 22. Rc1 f5 23. exf6 Nxf6 24. Ne5 Qd6 25. Nd3 Nc6 26. Nc5 Bxc5 27. Rxc5 Rfe8 28. Qd2 Ne4 29. Bxe4 dxe4 30. Rac1 Nb4 31. Bf4 Qf8 32. Bxc7 Nd3 33. Bxb8 Rxb8 34. Rc6 Nxc1 35. Qxc1 a5 36. Qc2 Qb4 37. Rc8+ Rxc8 38. Qxc8+ Kf7 39. Qf5+ Kg8 40. Qb5 Kf7 41. Qd7+ Kf8 42. g3 e3 43. Qf5+ Kg8 44. Qd5+ Kf8 45. Qf3+ Kg8 46. Qxe3 Qxa4 47. Qe6+ Kf8 48. d5 Qe8 49. Qf5+ Ke7 50. Qe4+ Kd8 51. Qf4 Qe1+ 52. Kg2 Qb4 53. Qg5+ Kd7 54. Qe5 Qe7 55. Qd4 Qb4 56. Qxg7+ Kd6 57. Qxh7 Kxd5 58. Qf5+ Kc4 59. h4 a4 60. h5 Qd2 61. Qe6+ Kb4 62. h6 a3 63. h7 Qc3 64. Qe4+ Kb3 65. Qf3 Qd3 66. Qxd3+ Ka2 67. Qc2+ 1-0

[Event "ESP-ch U18 Rapid"]
[Site "Salobrena"]
[Date "2022.08.07"]
[Round "6"]
[White "Fernandez Lopez, Ruben"]
[Black "De Pedro Cuadrado, Marcos"]
[Result "1-0"]
[WhiteElo "2113"]
[BlackElo "1788"]
[PlyCount "44"]
[EventDate "2022.08.06"]
[EventType "swiss (rapid)"]
[EventRounds "9"]
[EventCountry "ESP"]
[SourceTitle "EXT 2023"]
[Source "ChessBase"]
[SourceDate "2022.10.05"]
[SourceVersion "1"]
[SourceVersionDate "2022.10.05"]
[SourceQuality "1"]

1. e4 Nc6 2. Nf3 d6 3. d4 Nf6 4. Nc3 g6 5. h3 Bg7 6. Be3 0-0 7. Be2 e5 8. d5 Ne7 9. g4 c6 10. dxc6 bxc6 11. Qd2 d5 12. exd5 Nfxd5 13. Bc5 Qa5 14. b4 Qc7 15. Ne4 Rd8 16. Qg5 a5 17. c4 h6 18. Qh4 Nf4 19. Qxe7 Bd7 20. Be3 Bf8 21. Qxe5 Bxb4+ 22. Kf1 Bd6 1-0

[Event "ESP-ch U18 Rapid"]
[Site "Salobrena"]
[Date "2022.08.07"]
[Round "8"]
[White "Pascual Garcia, Martin"]
[Black "Fernandez Lopez, Ruben"]
[Result "1-0"]
[WhiteElo "1721"]
[BlackElo "2113"]
[PlyCount "127"]
[EventDate "2022.08.06"]
[EventType "swiss (rapid)"]
[EventRounds "9"]
[EventCountry "ESP"]
[SourceTitle "EXT 2023"]
[Source "ChessBase"]
[SourceDate "2022.10.05"]
[SourceVersion "1"]
[SourceVersionDate "2022.10.05"]
[SourceQuality "1"]

1. c4 e5 2. g3 Nc6 3. Bg2 d6 4. Nc3 Be6 5. d3 Qd7 6. e4 Nge7 7. Be3 g6 8. Nd5 Bg7 9. Ne2 0-0 10. 0-0 Nd8 11. Rc1 c6 12. Ndc3 f5 13. f4 fxe4 14. Nxe4 Nf5 15. Bf2 exf4 16. Nxf4 Bxb2 17. Rb1 Bg7 18. Re1 Nd4 19. Kh1 Bg4 20. Qc1 Kh8 21. c5 d5 22. Nd6 N4e6 23. Nxe6 Bxe6 24. Be3 Bh3 25. Bg5 Bxg2+ 26. Kxg2 Qg4 27. Rb2 Ne6 28. Rxe6 Qxe6 29. Rxb7 Qe2+ 30. Kh3 Qh5+ 31. Kg2 Qf3+ 32. Kh3 Bd4 33. Bf4 g5 34. Bxg5 Qh5+ 35. Bh4 Qg6 36. Qg5 Qe6+ 37. Qg4 Qxg4+ 38. Kxg4 Bg7 39. Rc7 Kg8 40. Rxc6 a5 41. Rb6 Bd4 42. Rb5 a4 43. c6 Be5 44. Nf5 a3 45. Rxd5 Ra4+ 46. d4 Bc7 47. Rd7 Bb6 48. Nh6+ Kh8 49. Nf7+ Kg7 50. Ng5+ Kg8 51. Ne6 Re8 52. Kf5 Rc4 53. Rg7+ Kh8 54. Rd7 Bxd4 55. Nxd4 Rc5+ 56. Kf4 h5 57. Bf6+ Kg8 58. Nf5 Rc4+ 59. Kg5 Rg4+ 60. Kxh5 Rg7 61. Rxg7+ Kf8 62. Rd7 Re2 63. Kg6 Re8 64. Rf7+ 1-0

[Event "ESP-ch U18 Rapid"]
[Site "Salobrena"]
[Date "2022.08.06"]
[Round "1"]
[White "Fernandez Lopez, Ruben"]
[Black "Garcia Sanchez, Juan Francisco"]
[Result "1-0"]
[WhiteElo "2113"]
[BlackElo "1537"]
[PlyCount "89"]
[EventDate "2022.08.06"]
[EventType "swiss (rapid)"]
[EventRounds "9"]
[EventCountry "ESP"]
[SourceTitle "EXT 2023"]
[Source "ChessBase"]
[SourceDate "2022.10.05"]
[SourceVersion "1"]
[SourceVersionDate "2022.10.05"]
[SourceQuality "1"]

1. e4 e5 2. Nf3 Nf6 3. Nc3 Nc6 4. d4 Bb4 5. d5 Ne7 6. Bg5 Ng6 7. Bd3 d6 8. 0-0 0-0 9. Ne2 Bc5 10. a3 a5 11. Rb1 Bb6 12. Ng3 h6 13. Bd2 c6 14. c4 Re8 15. b4 Nf4 16. Qc2 Bg4 17. Ne1 cxd5 18. exd5 axb4 19. axb4 Rc8 20. Qb3 Nxd3 21. Nxd3 e4 22. Nf4 Qc7 23. Rfc1 Bd4 24. Be3 Be5 25. h3 Bd7 26. Nfe2 b6 27. Bd4 Qb7 28. Qe3 Bxd4 29. Nxd4 b5 30. Ngf5 Bxf5 31. Nxf5 Qd7 32. Qf4 Re5 33. Nxh6+ gxh6 34. Qxf6 bxc4 35. Rc3 Qe7 36. Qxh6 Rg5 37. Re1 f5 38. b5 Qg7 39. Qxg7+ Kxg7 40. Rec1 Rc5 41. b6 Kf6 42. Rxc4 Rxd5 43. Rb4 Rg8 44. b7 Rb8 45. Rc8 1-0

[Event "ESP-ch U18 Rapid"]
[Site "Salobrena"]
[Date "2022.08.06"]
[Round "2"]
[White "Linan Molina, Daniel"]
[Black "Fernandez Lopez, Ruben"]
[Result "0-1"]
[WhiteElo "1679"]
[BlackElo "2113"]
[PlyCount "72"]
[EventDate "2022.08.06"]
[EventType "swiss (rapid)"]
[EventRounds "9"]
[EventCountry "ESP"]
[SourceTitle "EXT 2023"]
[Source "ChessBase"]
[SourceDate "2022.10.05"]
[SourceVersion "1"]
[SourceVersionDate "2022.10.05"]
[SourceQuality "1"]

1. e4 c5 2. Nf3 e6 3. g3 Nc6 4. Bg2 Nf6 5. Qe2 Be7 6. 0-0 d5 7. d3 0-0 8. c3 b6 9. Re1 Ba6 10. exd5 Nxd5 11. Ne5 Nxe5 12. Qxe5 Bxd3 13. Nd2 Bf6 14. Qh5 Bg6 15. Qe2 Rc8 16. Ne4 Be7 17. h4 Qc7 18. Bg5 Bxg5 19. Nxg5 h6 20. h5 Bf5 21. Ne4 Rfd8 22. Rad1 Qe7 23. Qf3 Nf6 24. Nxf6+ Qxf6 25. g4 Bc2 26. Qxf6 gxf6 27. Rc1 Rd2 28. b4 f5 29. Bf3 fxg4 30. Bxg4 Kf8 31. a3 Ke7 32. Re3 Rg8 33. Rg3 Be4 34. bxc5 Rd3 35. f3 Rxf3 36. Rxf3 Bxf3 0-1

[Event "ESP-ch U18"]
[Site "Salobrena"]
[Date "2022.08.05"]
[Round "8"]
[White "Fernandez Lopez, Ruben"]
[Black "Gines Esteo, Pedro Antonio"]
[Result "0-1"]
[WhiteElo "2324"]
[BlackElo "2455"]
[PlyCount "86"]
[EventDate "2022.08.01"]
[EventType "swiss"]
[EventRounds "9"]
[EventCountry "ESP"]
[SourceTitle "EXT 2023"]
[Source "ChessBase"]
[SourceDate "2022.10.05"]
[SourceVersion "1"]
[SourceVersionDate "2022.10.05"]
[SourceQuality "1"]

1. e4 c6 2. d4 d5 3. e5 Bf5 4. Nd2 e6 5. Nb3 Nd7 6. Nf3 Qc7 7. Be2 c5 8. c3 c4 9. Nbd2 f6 10. 0-0 fxe5 11. Nxe5 Nxe5 12. dxe5 Bc5 13. b3 b5 14. a4 Qxe5 15. Bb2 Nf6 16. axb5 Bc2 17. Qxc2 Qxe2 18. Qd1 Qxd1 19. Raxd1 cxb3 20. Nxb3 Bb6 21. Nd4 Kf7 22. Rfe1 Rhe8 23. Nf3 Kg8 24. Nd4 Ne4 25. f3 Nd6 26. Kf1 Nc4 27. Bc1 Bxd4 28. Rxd4 Rab8 29. f4 Rxb5 30. f5 e5 31. g4 a5 32. Rf4 exf4 33. Rxe8+ Kf7 34. Re1 Rb1 35. Bxf4 Rxe1+ 36. Kxe1 a4 37. Bc1 a3 38. Bxa3 Nxa3 39. Kd2 Kf6 40. Kd3 Ke5 41. h3 Nc4 42. h4 Nd6 43. h5 h6 0-1

[Event "ESP-ch U18"]
[Site "Salobrena"]
[Date "2022.08.03"]
[Round "5"]
[White "Fernandez Lopez, Ruben"]
[Black "Sanroman Costas, Mauro"]
[Result "1-0"]
[WhiteElo "2324"]
[BlackElo "1934"]
[PlyCount "73"]
[EventDate "2022.08.01"]
[EventType "swiss"]
[EventRounds "9"]
[EventCountry "ESP"]
[SourceTitle "EXT 2023"]
[Source "ChessBase"]
[SourceDate "2022.10.05"]
[SourceVersion "1"]
[SourceVersionDate "2022.10.05"]
[SourceQuality "1"]

1. d4 Nf6 2. Nf3 g6 3. Bg5 Bg7 4. Nbd2 0-0 5. e4 d5 6. e5 Ne4 7. Be3 c5 8. c3 Nc6 9. Bb5 cxd4 10. cxd4 Qb6 11. Bxc6 bxc6 12. 0-0 Ba6 13. Re1 Nxd2 14. Qxd2 Rab8 15. b3 Rfc8 16. Rac1 e6 17. Rc5 Bf8 18. Bh6 Qb4 19. Qg5 Bd3 20. Bxf8 Kxf8 21. Qf6 Be4 22. a3 Qb7 23. Ng5 Ke8 24. Qh8+ Ke7 25. Qxh7 Rf8 26. b4 Bd3 27. Rec1 Bc4 28. Qh4 Kd7 29. Ne4 Bb5 30. Nd6 Qb6 31. Qf6 Ba4 32. Ra5 Bb5 33. Rc5 a6 34. Nxf7 Rbe8 35. Qg7 Rg8 36. Qh7 Ref8 37. Nh6+ 1-0

[Event "ESP-ch U18"]
[Site "Salobrena"]
[Date "2022.08.02"]
[Round "3"]
[White "Fernandez Lopez, Ruben"]
[Black "Rodriguez Pereira, Enrique"]
[Result "1/2-1/2"]
[WhiteElo "2324"]
[BlackElo "2039"]
[PlyCount "69"]
[EventDate "2022.08.01"]
[EventType "swiss"]
[EventRounds "9"]
[EventCountry "ESP"]
[SourceTitle "EXT 2023"]
[Source "ChessBase"]
[SourceDate "2022.10.05"]
[SourceVersion "1"]
[SourceVersionDate "2022.10.05"]
[SourceQuality "1"]

1. e4 c5 2. Nf3 Nc6 3. d4 cxd4 4. Nxd4 g6 5. c4 Bg7 6. Be3 Qb6 7. Nb3 Qd8 8. Nc3 Bxc3+ 9. bxc3 Nf6 10. Nd2 d6 11. Be2 0-0 12. 0-0 b6 13. f4 Qc7 14. Qe1 Ba6 15. c5 Bxe2 16. cxd6 Qxd6 17. Qxe2 Qd7 18. Rad1 Rfd8 19. Nf3 Qc7 20. Qc4 b5 21. Qxb5 Nxe4 22. Qc4 Nd6 23. Qe2 Nf5 24. Bc1 Qa5 25. Qc4 Qb6+ 26. Kh1 Na5 27. Qe2 Nc6 28. Ng5 Rxd1 29. Rxd1 Rd8 30. Re1 Qc5 31. Ne4 Qd5 32. Ng3 Nxg3+ 33. hxg3 Qd3 34. Qe3 Rd5 35. Kg1 1/2-1/2

[Event "ESP-ch U18"]
[Site "Salobrena"]
[Date "2022.08.01"]
[Round "1"]
[White "Fernandez Lopez, Ruben"]
[Black "Villar Piriz, Adrian"]
[Result "1-0"]
[WhiteElo "2324"]
[BlackElo "1820"]
[PlyCount "59"]
[EventDate "2022.08.01"]
[EventType "swiss"]
[EventRounds "9"]
[EventCountry "ESP"]
[SourceTitle "EXT 2023"]
[Source "ChessBase"]
[SourceDate "2022.10.05"]
[SourceVersion "1"]
[SourceVersionDate "2022.10.05"]
[SourceQuality "1"]

1. d4 Nf6 2. Nf3 c5 3. d5 g6 4. Nc3 Bg7 5. e4 d6 6. a4 0-0 7. Bc4 Bg4 8. h3 Bxf3 9. Qxf3 Nbd7 10. Qe2 a6 11. 0-0 Rb8 12. f4 Ne8 13. Bd2 Nc7 14. a5 b5 15. axb6 Rxb6 16. Na4 Rb8 17. c3 Nb6 18. Nxb6 Rxb6 19. Be3 Qb8 20. Ra2 Qb7 21. Kh2 a5 22. Rfa1 Rb8 23. Bc1 e6 24. Rxa5 exd5 25. exd5 Re8 26. Qg4 f5 27. Qh4 Nxd5 28. Ra7 Qc6 29. R1a6 Kh8 30. Bxd5 1-0

[Event "Pontevedra op-A 10th"]
[Site "Pontevedra"]
[Date "2022.07.29"]
[Round "8"]
[White "Fernandez Lopez, Ruben"]
[Black "Bernal Moro, Luis Javier"]
[Result "1/2-1/2"]
[WhiteElo "2324"]
[BlackElo "2404"]
[PlyCount "60"]
[EventDate "2022.07.24"]
[EventType "swiss"]
[EventRounds "9"]
[EventCountry "ESP"]
[SourceTitle "CBM 209 Extra"]
[Source "ChessBase"]
[SourceDate "2022.09.30"]
[SourceVersion "1"]
[SourceVersionDate "2022.09.30"]
[SourceQuality "1"]

1. e4 c5 2. Nf3 d6 3. d4 cxd4 4. Nxd4 Nf6 5. Nc3 Nc6 6. Bg5 Bd7 7. Qd2 Rc8 8. f3 a6 9. 0-0-0 h6 10. Be3 Nxd4 11. Bxd4 e5 12. Be3 Be7 13. g4 Be6 14. h4 Qa5 15. a3 Rxc3 16. Qxc3 Qxc3 17. bxc3 d5 18. g5 hxg5 19. Bxg5 dxe4 20. Bxf6 Bxf6 21. fxe4 Bxh4 22. Kb2 Ke7 23. Bh3 g5 24. Bxe6 Kxe6 25. Rd2 Rc8 26. Rhd1 Rc6 27. Rd8 Bg3 28. Re8+ Kf6 29. Rg8 Bf4 30. Rd7 Rb6+ 1/2-1/2

[Event "Pontevedra op-A 10th"]
[Site "Pontevedra"]
[Date "2022.07.27"]
[Round "6"]
[White "Fernandez Lopez, Ruben"]
[Black "Mirzoev, Emil"]
[Result "0-1"]
[WhiteElo "2324"]
[BlackElo "2493"]
[PlyCount "86"]
[EventDate "2022.07.24"]
[EventType "swiss"]
[EventRounds "9"]
[EventCountry "ESP"]
[SourceTitle "CBM 209 Extra"]
[Source "ChessBase"]
[SourceDate "2022.09.30"]
[SourceVersion "1"]
[SourceVersionDate "2022.09.30"]
[SourceQuality "1"]

1. e4 e5 2. Nf3 Nc6 3. Bb5 a6 4. Ba4 Bc5 5. 0-0 d6 6. c3 Bd7 7. d4 Ba7 8. Bg5 f6 9. Be3 Nge7 10. d5 Nb8 11. Bxa7 Rxa7 12. Bxd7+ Nxd7 13. c4 0-0 14. Nc3 h6 15. b4 f5 16. Nd2 fxe4 17. Ndxe4 Nf6 18. Rc1 Ra8 19. Qd3 Nh5 20. Ne2 b6 21. Rfd1 a5 22. a3 axb4 23. axb4 Nf4 24. Nxf4 Rxf4 25. Ra1 Rf8 26. f3 Kh8 27. Nc3 Rf4 28. Nb5 Rxa1 29. Rxa1 Rf7 30. Ra7 Nf5 31. c5 bxc5 32. bxc5 Qg5 33. cxd6 e4 34. Qc2 Qe3+ 35. Kf1 Qxa7 36. dxc7 Qa1+ 37. Ke2 exf3+ 38. Kf2 Nd6 39. gxf3 Nc8 40. Qe2 Re7 41. Qd2 Qe5 42. f4 Qh5 43. Kg3 Re2 0-1